The Simpsons-Character Quiz Level 17 - Statistics

General Stats
  • This quiz has been taken 8 times
  • The average score is 4 of 16
Answer Stats
Picture Answer % Correct
Lucius Sweet
67%
The Happy Little Elves
67%
Becky
33%
Belle
33%
Judith Terwilliger
33%
Patches
33%
Poor Violet
33%
Sara Sloane
33%
Timothy Lovejoy Sr.
33%
Whitney Spuckler
33%
Barry Mackleberry
0%
Dr. Robert Terwilliger, Sr.
0%
Gavin
0%
Grizzly Shawn
0%
Kostas Becker
0%
Wainwright Montgomery Burns
0%
No matching quizzes found
Score Distribution
Percent of People with Each Score
Percentile by Number Answered
Your Score History
You have not taken this quiz